000 01124nam a2200301 a 4500
003 BLK
005 20241122130323.0
008 200701b bu ||||| |||| 00| 0 bu d
020 _a9786192110833
040 _aBLK
041 _aBUL
_cBUL
080 _aЛитература на отделни езици и езикови семейства
_b821
_z821-93-34
100 1 _aГеоргиева, Виолета
_eпърви автор
_91299
139 _bБ 24
245 _aБамби и други приказки
260 _9217114
_aСофия
_bПУХ
_c2019
_fАлианс принт
_n978-954-9701-
300 _a[8] с.
_bс цв. ил.
_c28 см
380 _aDX
490 _9416899
_aСветовните приказки
_xC634-6774
500 _aСъдържа и: Болен здрав носи ; Двете козлета
700 _9263935
_aКисьова, Светлана Иванова
_eхудож.
852 _aЦб ІІ 25359
942 _cKNG
_n0
_s1
_03
944 _aCR
_c2020-07-01
_k30537
_lГрета Цуфелде
999 _c371927
_d371927
999 _d371927
999 _d371927
999 _d371927